000 00525nam a2200157 4500
008 030306s1989 us eng
020 _a0825426278
090 _aBS1545
_bF16c
100 1 _aFairbairn, Patrick
245 1 0 _aCommentary on Ezekiel /
_cPatrick Fairbairn.
260 _aMichigan :
_bKregel,
_cc1989.
300 _a512 p.
500 _aReprint: Previously published: An exposition of Ezekiel
650 4 _aBible. O.T. Ezekiel
_xCommentary.
951 _p12674
_x00002308
_oBS1545/F16c
_j070613111220406
_d2000-12-21
_cGC
999 _c14790
_d14790